Film making (Record no. 397265)

MARC details
000 -LEADER
fixed length control field 00497 a2200205 4500
005 - DATE & TIME
control field 20260415115152.0
008 - FIXED-LENGTH DATA ELEMENTS--GENERAL INFORMATION
fixed length control field 260415b |||||||| |||| 00| 0 eng d
020 ## - ISBN
International Standard Book Number 9788178442969
Price Rs. 995.00
040 ## - CATALOGING SOURCE
Original cataloging agency VIVEKANANDA LIBRARY
082 ## - DDC NUMBER
Classification number 791.43
Book Number S55F
100 ## - MAIN ENTRY--PERSONAL NAME
Personal name Senapati, Udai
245 ## - TITLE STATEMENT
Title Film making
260 ## - PUBLICATION, DISTRIBUTION, ETC. (IMPRINT)
Name of publisher, distributor, etc K K Publications
Date of publication, distribution, etc 2025
Place of publication, distribution, etc New Delhi
300 ## - PHYSICAL DESCRIPTION
Pages 288
650 ## - Subject
Subject Arts
650 ## - Subject
Subject Recreational
650 ## - Subject
Subject Public Performances
650 ## - Subject
Subject Motion Pictures
942 ## - ADDED ENTRY ELEMENTS (KOHA)
Koha item type Books
Holdings
Withdrawn status Lost status Source of classification or shelving scheme Damaged status Not for loan Location (home branch) Sublocation or collection (holding branch) Shelving location Date acquired Koha issues (times borrowed) Koha full call number Accession No. Koha date last seen Koha item type
    Dewey Decimal Classification     VIVEKANANDA LIBRARY VIVEKANANDA LIBRARY Vivekananda Library 01/04/2026   791.43 S55F 450082 01/04/2026 Books
© Designed and Maintained by Vivekananda Library, MDU Rohtak